[Event "AUTO-OPEN-4445"]
[Site "http://www.queenalice.com/game.php?id=1830198"]
[Date "2024.1.25"]
[Round "2"]
[White "andrevillares"]
[Black "Kotov78"]
[Result "0-1"]
[WhiteElo "2176"]
[BlackElo "2397"]

1. d4 Nf6 2. c4 e6 3. Nf3 d5 4. Bg5 Be7 5. e3 h6 6. Bxf6 Bxf6 7. Nc3 O-O 8. Rc1
c6 9. cxd5 exd5 10. Bd3 Be7 11. O-O Nd7 12. Re1 Bd6 13. e4 dxe4 14. Nxe4 Nf6 15.
Nxf6+ Qxf6 16. Bb1 Be6 17. Qd3 g6 18. a3 Rad8 19. h4 Rfe8 20. h5 gxh5 21. Ne5
Bd5 22. Re3 Bxe5 23. Qh7+ Kf8 24. dxe5 Rxe5 25. Rce1 Rxe3 26. Rxe3 Qxb2 27.
Qxh6+ Qg7 28. Qxh5 Qxg2# 0-1

[Event "AUTO-OPEN-4445"]
[Site "http://www.queenalice.com/game.php?id=1830199"]
[Date "2024.1.25"]
[Round "2"]
[White "Kotov78"]
[Black "andrevillares"]
[Result "1-0"]
[WhiteElo "2385"]
[BlackElo "2166"]

1. e4 c6 2. d4 d5 3. e5 Bf5 4. Nf3 e6 5. Be2 Nd7 6. O-O Ne7 7. c3 c5 8. dxc5
Nxc5 9. Be3 Nc6 10. Nd4 Nxe5 11. Bb5+ Ned7 12. Nxf5 exf5 13. Qxd5 Be7 14. Bxc5
Bxc5 15. Qxc5 a6 16. Re1+ 1-0

[Event "AUTO-OPEN-4520"]
[Site "http://www.queenalice.com/game.php?id=1834810"]
[Date "2024.4.9"]
[Round "1"]
[White "maurice916"]
[Black "Kotov78"]
[Result "0-1"]
[WhiteElo "1850"]
[BlackElo "2393"]

1. Nf3 d5 2. b3 Bf5 3. Bb2 e6 4. e3 Nf6 5. c4 c6 6. d4 Bb4+ 7. Bc3 Bd6 8. c5 Bc7
9. b4 Ne4 10. Qb3 a5 11. a4 axb4 12. Bxb4 Na6 13. Ba3 Ba5+ 14. Nbd2 Bg4 15. Bc1
Naxc5 16. dxc5 Qf6 17. Be2 Bxd2+ 18. Nxd2 Qxf2+ 0-1

[Event "AUTO-OPEN-4520"]
[Site "http://www.queenalice.com/game.php?id=1834811"]
[Date "2024.4.9"]
[Round "1"]
[White "Kotov78"]
[Black "maurice916"]
[Result "1-0"]
[WhiteElo "2393"]
[BlackElo "1865"]

1. e4 c6 2. d4 d5 3. e5 Bf5 4. Nf3 h5 5. Bg5 Qb6 6. Bd3 Bxd3 7. Qxd3 Qxb2 8. e6
Qxa1 9. exf7+ Kxf7 10. Ne5+ Ke8 11. O-O Kd8 12. Nc3 1-0

[Event "AUTO-OPEN-4520"]
[Site "http://www.queenalice.com/game.php?id=1834832"]
[Date "2024.4.9"]
[Round "1"]
[White "Kotov78"]
[Black "josebaron"]
[Result "1-0"]
[WhiteElo "2393"]
[BlackElo "2125"]

1. e4 e5 2. Nf3 Nc6 3. Bb5 d6 4. d4 exd4 5. Nxd4 Bd7 6. Nc3 Be7 7. Nxc6 Bxc6 8.
Bxc6+ bxc6 9. b3 Nf6 10. Bb2 O-O 11. Qd3 Re8 12. O-O-O a5 13. f4 Bf8 14. Rhe1
Qc8 15. a4 Rb8 16. Kb1 Nd7 17. e5 d5 18. Qf3 Qb7 19. Re2 Nb6 20. f5 Nc4 21. e6
Nxb2 22. exf7+ Kxf7 23. Qh5+ Kg8 24. Rxe8 Nxd1 25. Nxd1 Rxe8 26. Qxe8 c5 27.
Qe6+ Kh8 28. Ne3 c6 29. Ng4 1-0

[Event "AUTO-OPEN-4520"]
[Site "http://www.queenalice.com/game.php?id=1834833"]
[Date "2024.4.9"]
[Round "1"]
[White "josebaron"]
[Black "Kotov78"]
[Result "0-1"]
[WhiteElo "2212"]
[BlackElo "2410"]

1. e4 c6 2. Nf3 d5 3. exd5 cxd5 4. d4 Nc6 5. Bb5 Bg4 6. h3 Bxf3 7. Qxf3 e6 8.
O-O a6 9. Bxc6+ bxc6 10. Nc3 Bd6 11. a4 Ne7 12. Ne2 O-O 13. Rd1 Rb8 14. c3 Rb3
15. Nf4 c5 16. dxc5 Bxc5 17. Nd3 Bd6 18. Bf4 a5 19. Bxd6 Qxd6 20. Rac1 Nc6 21.
Rd2 Rd8 22. Qd1 Rbb8 23. Qe1 h6 24. b4 axb4 25. cxb4 Nxb4 26. a5 Nxd3 27. Rxd3
Ra8 28. Ra1 d4 29. Qe2 Qa6 30. Kh2 Rd5 31. f4 Qd6 32. Qf2 g5 33. Ra4 Raxa5 34.
Rxa5 Rxa5 0-1

[Event "AUTO-OPEN-4520"]
[Site "http://www.queenalice.com/game.php?id=1834834"]
[Date "2024.4.9"]
[Round "1"]
[White "Kotov78"]
[Black "barracuda3113"]
[Result "1-0"]
[WhiteElo "2415"]
[BlackElo "2182"]

1. e4 c5 2. Nf3 d6 3. d4 cxd4 4. Nxd4 Nf6 5. Nc3 g6 6. Be3 Bg7 7. f3 Nc6 8. Qd2
O-O 9. Bc4 Bd7 10. O-O-O Ne5 11. Bb3 Rc8 12. Kb1 Nc4 13. Bxc4 Rxc4 14. g4 Qa5
15. g5 Nh5 16. Nd5 Qd8 17. Ne2 b6 18. b3 Rc8 19. Ng3 e6 20. Nxh5 gxh5 21. Nf6+
Kh8 22. Nxh5 Bc3 23. Bd4+ 1-0

[Event "AUTO-OPEN-4520"]
[Site "http://www.queenalice.com/game.php?id=1834835"]
[Date "2024.4.9"]
[Round "1"]
[White "barracuda3113"]
[Black "Kotov78"]
[Result "0-1"]
[WhiteElo "2177"]
[BlackElo "2418"]

1. d4 Nf6 2. Nf3 d5 3. c4 e6 4. Nc3 Bb4 5. Qa4+ Nc6 6. e3 O-O 7. Qc2 Re8 8. cxd5
exd5 9. h3 Ne4 10. Bd3 Qf6 11. Bd2 Qg6 12. Rg1 Bxc3 13. Bxc3 Qh6 14. O-O-O a5
15. a3 Bd7 16. Kb1 b5 17. Bxb5 Nb4 18. axb4 Bxb5 19. bxa5 Reb8 20. Ne5 Ba4 0-1

[Event "AUTO-OPEN-4445"]
[Site "http://www.queenalice.com/game.php?id=1839265"]
[Date "2024.6.26"]
[Round "3"]
[White "Kotov78"]
[Black "chessman"]
[Result "1-0"]
[WhiteElo "2414"]
[BlackElo "1894"]

1. e4 e6 2. d4 d5 3. Nc3 dxe4 4. Nxe4 Nd7 5. Nf3 Ngf6 6. Nxf6+ Nxf6 7. Be3 Be7
8. Bd3 O-O 9. Qe2 a6 10. c3 Bd6 11. Bg5 Be7 12. O-O-O b5 13. Bxf6 Bxf6 14. Qe4
1-0